书目信息 |
| 题名: |
现行建筑材料规范大全 (修订缩印本)
|
|
| 作者: | 中国建筑工业出版社 编 | |
| 分册: | ||
| 出版信息: | 北京 中国建筑工业出版社 1995.06 |
|
| 页数: | 1937页 | |
| 开本: | 16开 | |
| 丛书名: | ||
| 单 册: | ||
| 中图分类: | ||
| 科图分类: | ||
| 主题词: | 建筑材料 | |
| 电子资源: | ||
| ISBN: | 7-112-03915-0 | |
| 000 | 00682nam0 2200205 45 | |
| 001 | 9912160877 | |
| 005 | 20010306094921.0 | |
| 010 | @a7-112-03915-0@d133.00元 | |
| 100 | @a19991216d1995 km y0chiy0120 ea | |
| 101 | @achi | |
| 105 | @a z 000yy | |
| 200 | 1 | @a现行建筑材料规范大全 (修订缩印本)@AXian Xing Jian Zhu Cai Liao Gui Fan Da Quan (Xiu Ding Suo YinBen)@f中国建筑工业出版社编@FZhong Guo Jian Zhu Gong Ye Chu Ban She Bian |
| 210 | @a北京@c中国建筑工业出版社@d1995.06 | |
| 215 | @a1937页@d16开 | |
| 606 | 0 | @a建筑材料 |
| 690 | @v3 | |
| 690 | @aTU5-65@v3 | |
| 701 | @a中国建筑工业出版社@4编 | |
| 801 | @aCN@bPFTUser@c19991216 | |
| 905 | @dTU5-65@eZH:345-1@b325971-975@f5 | |
| 现行建筑材料规范大全 (修订缩印本)/中国建筑工业出版社编.-北京:中国建筑工业出版社,1995.06 |
| 1937页;16开 |
| ISBN 7-112-03915-0:133.00元 |
| ● |
| 相关链接 |
|
|
|
正题名:现行建筑材料规范大全(修订缩印本)
索取号:TU5-65/ZH:345-1
 
预约/预借
| 序号 | 登录号 | 条形码 | 馆藏地/架位号 | 状态 | 备注 |
| 1 | 325971 | 203259712 | 建筑库201/201建筑库 5排1列1层/ [索取号:TU5-65/ZH:345-1] | 在馆 | |
| 2 | 325972 | 203259721 | 建筑库201/201建筑库 5排2列5层/ [索取号:TU5-65/ZH:345-1] | 在馆 | |
| 3 | 325973 | 203259730 | 建筑库201/201建筑库 5排2列5层/ [索取号:TU5-65/ZH:345-1] | 在馆 | |
| 4 | 325974 | 203259749 | 建筑库201/201建筑库 5排2列5层/ [索取号:TU5-65/ZH:345-1] | 在馆 | |
| 5 | 325975 | 203259758 | 建筑库201/201建筑库 5排1列1层/ [索取号:TU5-65/ZH:345-1] | 在馆 |